Представление документа в формате MARC21

Поле Инд. ПП Название Значение
Тип записи a
Библиографический уровень b
001 Контрольный номер RU/IS/BASE/220456993
005 Дата корректировки 20200522191057.2
008 Кодируемые данные 20061226
040 b Код языка каталог. rus
e Правила каталог. PSBO
041 0_ a Код языка текста rus
084 a Индекс другой классификации/Индекс ББК 60.561.37; 66.01; 68.01
a Индекс другой классификации/Индекс ББК 60.000.3
100 1_ a Автор Бомешко С. Б.
245 10 a Заглавие Понятие войны в западном общественном сознании как фактор современных международных отношений
504 a Библиография Библиогр. ссылки
650 a Основная рубрика военная наука
a Основная рубрика военное дело
a Основная рубрика политика
a Основная рубрика политическая социология
a Основная рубрика политическая философия (философия политики)
a Основная рубрика политология
a Основная рубрика социальная философия
a Основная рубрика социальные науки (общественные науки)
a Основная рубрика социология
a Основная рубрика философия
653 a Ключевые слова война
a Ключевые слова Запад
a Ключевые слова международные отношения
a Ключевые слова общественное сознание
a Ключевые слова социология международных отношений
a Ключевые слова философия войны
a Ключевые слова этика
773 0_ t Заглавие источника Вестник Московского университета. Серия 18, Социология и политология
d Дата издания источника 2006
g Прочая информация № 4. - С. 86 - 97
w Контрольный № источника RU/IS/BASE/219330550
901 t Тип документа b